LEADER 00959nas a2200217 i 4500 001 000000192310 003 CaOOAMICUS 005 20100914000000.0 008 100914b2002 xx uu u0 0lat r 013 $a170883 020 $a88-209-7276-X 040 $aSeMil$bita 110 2 $aChiesa Cattolica : Tribunale della Rota Romana.$0(OLS)http://semarc/name/1879 245 10$aDecisiones seu Sententiae :$bselectae inter eas quae anno 1997 prodierunt. 260 $aCittą del Vaticano :$bLibreria Editrice Vaticana,$c2002. 300 $aXXVII, 919 p. ;$c28 cm. 850 $aSeMil 852 $aSeMil$W1$xVenegono$y1$m§ 1 8 89$j252902$B142886$CSeMilBibl$Z2$F154298 $85 996 $6020$a88-209-7276-X$9(OLS)http://semarc/number/183542 996 $6245$aDecisiones seu Sententiae :$bselectae inter eas quae anno 1997 prodierunt$9(OLS)http://semarc/title/277149 996 $6260$aCittą del Vaticano :$bLibreria Editrice Vaticana$9(OLS)http://semarc/publisher/29734 LEADER 01292nam a2200277 i 4500 001 000000366530 003 CaOOAMICUS 005 20260219113652.0 008 260219s2025 it u000 u ita u 020 $a978-88-372-3974-9 040 $aSeMil$bita 100 1 $aBontadini, Gustavo ,$d<1903-1990>.$0(OLS)http://semarc/name/817 245 10$aGentile e la metafisica /$cGustavo Bontadini ; a cura di Paolo Bettineschi. 264 1$aBrescia :$bMorcelliana,$c2025. 300 $a99 p. ;$c19 cm. 490 0 $aIl pellicano rosso. Nuova serie ;$v382 500 $aPubblicato originariamente in: Il pensiero di Giovanni Gentile, Roma : Istituto della enciclopedia italiana, 1977 600 14$aGentile, Giovanni <1875-1944>.$0(OLS)http://semarc/subject/25 700 1 $aBettineschi, Paolo,$d<1980- >.$0(OLS)http://semarc/name/123790 830 3$aIl pellicano rosso. Nuova serie ;$v382.$0(OLS)http://semarc/title/11366 850 $aSeMil 852 $aSeMil$W1$xVenegono$y1$m2LA V 382$j267356$B257272$CSeMilBibl$Z2$F257272 $81 996 $6020$a978-88-372-3974-9$9(OLS)http://semarc/number/305353 996 $6245$aGentile e la metafisica$9(OLS)http://semarc/title/458272 996 $6264$aBrescia :$bMorcelliana$9(OLS)http://semarc/publisher/29629